00587nam a2200193 i 4500001001100000003000500011005001700016008004100033040002500074082002000099100003000119245005900149300002200208336002100230337002500251338002300276500005500299650003900354C2-0304371PPAK20180728085426.0100519s xx |||| ||||| | may d aPPAKbengcPPAKerda04a305.80095952230 aSulaiman Salleh, eauthor10aMasalah Kebudayaan bDalam mencapai perpaduan nasional a5 pages ; c30 cm 2rdacontentatext 2rdamediaaunmediated 2rdacarrieravolume aArtikel dari majalah Dewan Masyarakat Oktober 197110aMalaysia - Social life and Customs